Une lettre suffit pour répondre juste #67 (attention 10 lettres tuent) - Statistiques

Statistiques générales
  • Ce quiz a été pris 27 fois
  • Le résultat moyen est 3 sur 6
Statistiques - réponses
Hint Réponse % Correct
Donne une des 5 lettres du mot anglais qui complète les titres de ces deux chansons d'époques aux mœurs bien différentes : - The ????? Don’t Work (The Verve, 1997) - ????? You Should Try It (Travis Scott, 2014) DRUGS
100%
Donne une des 4 lettres du nom d'une entreprise américaine d'armes à feu basée à Hartford (Connecticut) dont voici l'un des pistolets.
L'entreprise survit à la mort de son fondateur (Samuel ????) grâce à une forte demande en armes à feu, entretenue par la conquête de l'Ouest.
COLT
82%
Donne une des 3 lettres du nom de la gagnante de la saison 5 de la Star Academy Française prénommé Magalie : _ _ _
VAE
73%
Donne une des 2 lettres du nom de domaine internet du pays dont voici son équipe nationale de rugby : . _ _
FJ (Fidji)
41%
Donne la lettre à laquelle commence le nom de 2 des 4 villes les plus peuplées de la région Bourgogne Franche-Comté (en 2022) B (Besançon et Belfort)
27%
Donne la lettre à laquelle commence le nom de 2 des 3 villes les plus peuplées du département de la Seine-et-Marne (en 2022) M (Melun et Meaux)
23%
Aucun quiz correspondant
Distribution des résultats
% des personnes avec chaque résultat
Percentile par nombre de réponses
Votre historique - résultats
Vous n’avez pas pris ce quiz